THE NUCLEIC ACID OF JUNÍN VIRUS

Bibliographic Details
Main Authors: Grazioli, F. (Author), Martínez, Z. SEGOVIA (Author)
Format: Article
Language:English

MARC

LEADER 00000nab a2200000ua 4500
001 vtls010789894
003 SK-MaSNL
005 20260303152027.0
008 230222s1969 xo |||||||||||||||||eng|
035 |a (urnnbn)urn:nbn:sk:snk:ar-a02a86 
035 |a (uuid)ab20e19a-dfd3-429e-9cff-8c01615c50f9 
035 |a urn:nbn:sk:snk-ab4ixy 
040 |a SNKBUCL  |b slo  |c SNKBUCL  |e AACR2 
041 0 |a eng 
044 |a xo  |c SK 
100 1 |a Grazioli, F.  |4 aut  |9 1172184 
245 1 0 |a THE NUCLEIC ACID OF JUNÍN VIRUS  |c F. Grazioli, Z. Martínez Segovia 
700 1 |a Martínez, Z. SEGOVIA  |4 aut  |9 1172185 
773 0 |t Acta virologica  |g Roč. 13, č. 4 (1969), s. 264-268 
958 |a OND 
958 |a EUIPO 
958 |a article3 
999 |c 2021163  |d 2023093